000 00527nam a2200181Ia 4500
001 2252
005 20260306143828.0
008 260306t1975||||xx |||||||||||||| ||spa||
041 _aESP
082 _a616.8
_bM61
110 _aMinisterio de Salud Pública. Hospital Psiquiátrico de La Habana
245 0 _aGlosario cubano de la clasificación internacional de enfermedades psiquiátricas GC-1
260 _c1975
300 _axxiv, 142 páginas :
_c21 cm.
650 _aGEN
654 _aCPS
942 _cLIB
_dJUS
_fJUS
_2ddc
_n
999 _c2252
_d2252